000 00524nam a2200205Ia 4500
005 20250508165309.0
008 008 250505s9999 xx 000 0 eng d
020 _a0-14-034728-3
037 _aTextual
040 _aFEDL
_beng
_cFEDL
041 _aeng
_2eng
084 _a808.068 3, DAH
_qFEDL
100 _aDahl Roald
245 0 _aWitches
260 _aLondon, UK
_bPenguin Group
_c1983
300 _a202p.
365 _aGBP
_b5.99
942 _cTEXL
_h808.068 3, DAH
999 _c1394264
_d1394264